Normal view
MARC view
- الارشاد المدرسي-الارشاد التربوي
Entry Topical Term
001 - CONTROL NUMBER
- control field: 28517
003 - CONTROL NUMBER IDENTIFIER
- control field: JO-AjAnu
005 - DATE AND TIME OF LATEST TRANSACTION
- control field: 20230606074830.0
008 - FIXED-LENGTH DATA ELEMENTS
- fixed length control field: 230606|| aca||aabn | a|a d
040 ## - CATALOGING SOURCE
- Original cataloging agency: JO-AjAnu
- Transcribing agency: JO-AjAnu
150 ## - HEADING--TOPICAL TERM
- Topical term or geographic name entry element: الارشاد المدرسي-الارشاد التربوي
670 ## - SOURCE DATA FOUND
- Source citation: Work cat.: (JO-AjAnu)14638: دبور،عبد اللطيف مؤلف/الصافي،عبد الحكيم م.مشارك, author 28516, الإرشاد المدرسي بين النظرية والتطبيق